El delito culposo en la praxis médica /
Guardado en:
| Autor Principal: | |
|---|---|
| Formato: | Libro |
| Idioma: | Spanish |
| Publicado: |
Santa Fe :
Rubinzal - Culzoni,
2003.
|
| Edición: | 1a. ed. |
| Materias: | |
| Etiquetas: |
Agregar Etiqueta
Sin Etiquetas, Sea el primero en etiquetar este registro!
|
| LEADER | 00470nam a22001575a 4500 | ||
|---|---|---|---|
| 001 | DER.der001707 | ||
| 008 | 180615s2003####ag#||||||||||||||#||spa|| | ||
| 005 | 20250711170026.0 | ||
| 245 | 1 | 0 | |a El delito culposo en la praxis médica / |c Marco Antonio Terragni |
| 250 | |a 1a. ed. | ||
| 260 | |a Santa Fe : |b Rubinzal - Culzoni, |c 2003. | ||
| 300 | |a 290 p. | ||
| 020 | |a 9507274502 | ||
| 100 | 1 | |a Terragni, Marco Antonio | |
| 650 | 7 | |a DERECHO PENAL | |
| 859 | |a DERECHO |b BIB. DERECHO |h 345 |i TER |p 003051 | ||
